IEEE Access A Multidisciplinary Open Access Journal

Guardado en:
Detalles Bibliográficos
Formato: Seriadas
Lenguaje:inglés
Publicado: Piscataway Institute of Electrical and Electronics Engineers
Etiquetas: Agregar Etiqueta
Sin Etiquetas, Sea el primero en etiquetar este registro!

MARC

LEADER 00000nls a2200000 4500
001 0258401
005 20260206112811.8
022 |a 2169-3536 
041 0 |a eng 
044 |a US 
245 1 0 |a IEEE Access  |b A Multidisciplinary Open Access Journal 
264 1 |a Piscataway  |b Institute of Electrical and Electronics Engineers